000 00309nam a22001337a 4500
008 170802b xxu||||| |||| 00| 0 eng d
020 _a047132776X
041 _aeng
080 _a004
100 _a32
101 _aSHKI
245 _aCOMPILER CONSTRUCTION FOR DIGITAL COMPUTERS
_cGRIES, D
942 _2udc
_cBK
999 _c22540
_d22540